1822 : el año que fuimos Imperio /
1822: el año que fuimos imperio es una versión especial que Flavio González Mello realizó para televisión de su drama histórico titulado originalmente 1822: obra para próceres y comparsas, cuya acción transcurre durante el breve primer Imperio mexicano (1821-1823). La obra fue publicada por primera...
Guardat en:
| Autor principal: | |
|---|---|
| Altres autors: | , , , , , , , , , |
| Format: | |
| Idioma: | espanyol |
| Publicat: |
México :
UNAM, Dirección General de Televisión Universitaria,
2004, c2004
México : UNAM, Dirección General de Televisión Universitaria [distribución], 2005, c2005 |
| Matèries: | |
| Etiquetes: |
Sense etiquetes, Sigues el primer a etiquetar aquest registre!
|
MARC
| LEADER | 00000ngm^a2200000^a^4500 | ||
|---|---|---|---|
| 001 | 000311597 | ||
| 005 | 20250627170138.0 | ||
| 009 | 20260310113049.569 | ||
| 037 | |a Acervo ITESO - Biblioteca | ||
| 041 | |a ESP | ||
| 082 | |a 972. 041 |b GON | ||
| 100 | |a González Mello, Flavio |e (autor) | ||
| 240 | 1 | 1 | |a [1822] |
| 240 | 1 | 1 | |a [1822. Adaptaciones] |
| 240 | 1 | 1 | |a [Mil ochocientos veintidós] |
| 240 | 1 | 1 | |a [Mil ochocientos veintidós. Adaptaciones] |
| 245 | 1 | 0 | |a 1822 : |b el año que fuimos Imperio / |c F. González Mello ; dir. de escena de A. Castro ; realización de J. García Rivera. |
| 264 | 4 | |a México : |b UNAM, Dirección General de Televisión Universitaria, |c 2004, c2004 | |
| 264 | 4 | |a México : |b UNAM, Dirección General de Televisión Universitaria [distribución], |c 2005, c2005 | |
| 300 | |a 2 DVD sin dato de región (68, 53 min.) : |b color | ||
| 336 | |a imagen móvil bidimensional |b tdi |2 rdacontenido | ||
| 337 | |a video |b v |2 rdamedio | ||
| 338 | |a videodisco |b vd |2 rdasoporte | ||
| 520 | |a 1822: el año que fuimos imperio es una versión especial que Flavio González Mello realizó para televisión de su drama histórico titulado originalmente 1822: obra para próceres y comparsas, cuya acción transcurre durante el breve primer Imperio mexicano (1821-1823). La obra fue publicada por primera vez por Ediciones El Milagro en 2000 y estrenada dos años más tarde en el Teatro Juan Ruiz de Alarcón de la Ciudad de México. | ||
| 545 | 0 | |a Flavio González Mello (Ciudad de México, 1967), dramaturgo y cineasta mexicano. Egresado de Guionismo del Centro de Capacitación Cinematográfica (CCC) y de Dirección del Centro Universitario de Estudios Cinematográficos de la UNAM (CUEC), ha impartido clases en ambas escuelas. Toma cursos de teatro con Ludwik Margules y Juan Tovar, entre otros mentores. Cómo escribir una adolescencia, mención especial en el Concurso de Teatro Salvador Novo (1984), es presentada en el Festival de Toyama, Japón y Así como la ves... es estrenada en Sidney, Australia (1985) e incluida en Teatro para adolescentes (1985), antología que selecciona Emilio Carballido. Dos veces becario del programa Jóvenes Creadores del Fondo Nacional para la Cultura y las Artes, escribe, dirige, produce y edita Domingo siete (1995), premio Ariel (1996), de la Academia Mexicana de Cine, al Mejor Mediometraje de Ficción y cuyo guión es publicado en Antología de cortometrajes (1997). 1822: el año que fuimos Imperio (2004), Lascurain o La brevedad del poder (2006), Edip en Colofón: tragedia de enredos (2010), Palabras necias (2010), La representación bastarda: Trilogía dramática (2011), El padre pródigo (Itaca) (2011) y La negociación (2017) figuran entre sus obras de teatro, que se han presentado con éxito en foros universitarios y escuelas. Ha fungido como editor de cine y teatro en El Economista y como coeditor del suplemento de La Plaza. El documental Siglo de Oro de la melancolía (2003) reúne sus dos facetas, mientras en su filmografía también aparecen el cortometraje 40° a la sombra (2008) y los guiones de Pachito Rex (2000) y de la película animada Ana y Bruno (2008-16). Fue electo miembro de la Academia Mexicana de la Lengua (2024). | |
| 649 | |a XX | ||
| 650 | |a Teatro Histórico - |z México | ||
| 650 | |a Teatro Mexicano - |x Adapataciones para Televisión | ||
| 650 | |a Literatura Mexicana - |y Siglo XXI - |x Adaptaciones para Televisión | ||
| 650 | |a Literatura e Historia - |z México | ||
| 650 | |a Literatura y Televisión | ||
| 650 | |a Televisión Cultural - |z México - |y 2000-2009 | ||
| 650 | |a Televisión Cultural - |z México - |y Siglo XXI | ||
| 650 | |a Televisión - |z México - |y 2000-2009 | ||
| 650 | |a Televisión - |z México - |y Siglo XXI | ||
| 650 | |a Artes Escénicas - |z México | ||
| 650 | |a México - |x Historia - |y Regencia e Imperio, 1821-1823 - |x Tema Principal | ||
| 650 | |a México - |x Historia - |y Siglo XIX | ||
| 650 | |a Iturbide, Agustín de, |c Emperador de México | ||
| 700 | |a Castro, Antonio |e (dirección de escena) | ||
| 700 | |a Raya, Mónica |e (escenografía) | ||
| 700 | |a Raya, Mónica |e (vestuario) | ||
| 700 | |a Gamboa, Eduardo |e (música) | ||
| 700 | |a Ortega, Héctor |e (actuación) | ||
| 700 | |a Solórzano, Humberto |e (actuación) | ||
| 700 | |a Júareugi, Diego |e (actuación) | ||
| 700 | |a García Rivera, Javier |e (realización) | ||
| 700 | |a Camacho, Angel |e (fotógrafo) | ||
| 700 | |a García Covarrubias, Claudia |e (montaje) | ||
| 910 | |a Fondo General | ||
| 920 | |a Audiovisuales - DVDs | ||
| 905 | |a 302 | ||
| 901 | |a 0500198032 |b IT2 |c DVS |i C122549 |u 20250521 | ||
| 901 | |a 0500198033 |b IT2 |c DVS |i C122549 |u 20250521 | ||
| 902 | |a https://opac.biblio.iteso.mx/vufind/Record/000311597 | ||